[Event "It (open)"]
[Site "masterchessopen.com Budapest (Hungary)"]
[Round "2"]
[White "Tatar Kis Szabolcs (HUN)"]
[Black "Szilagyi Tibor (HUN)"]
[Result "0-1"]
[WhiteElo "2235"]
[BlackElo "2058"]

1.e4 e5 2.Nf3 Nc6 3.Bb5 a6 4.Ba4 d6 5.c3 g6 6.d4 Bd7 7.O-O Bg7 8.d5 Nce7 9.c4
f6 10.Nc3 Nh6 11.b4 Nf7 12.Bd2 O-O 13.Qb3 f5 14.Bxd7 Qxd7 15.Rac1 f4 16.c5 Kh8
17.Ne1 g5 18.f3 Ng6 19.Nd3 h5 20.b5 g4 21.c6 Qc8 22.cxb7 Qxb7 23.Be1 Bf6 24.a4
Ng5 25.Kh1 Rg8 26.Qc4 Qc8 27.Nb4 gxf3 28.gxf3 Qh3 29.Qe2 axb5 30.Nxb5 Rxa4
31.Rxc7 Nh4 32.Nxd6 Ra1 33.Nc2 Rc1 34.Rf2 Rg6 35.Qf1 Nhxf3 36.Rxf3 Qxf3+
37.Qxf3 Nxf3 {#R} 0-1

[Event "Bundesliga (2nd) West 1994/95"]
[Site "masterchessopen.com Germany"]
[Round "0"]
[White "Kupreichik Viktor D (BLR)"]
[Black "Mukhametov Eldar (RUS)"]
[Result "1-0"]
[WhiteElo "2545"]
[BlackElo "2390"]

1.e4 e5 2.Nf3 Nc6 3.Bb5 g6 4.c3 a6 5.Ba4 d6 6.d4 Bd7 7.O-O Bg7 8.Re1 b5 9.Bb3
Nf6 10.dxe5 dxe5 11.a4 O-O 12.Bg5 Qe7 13.Bd5 h6 14.Bxf6 Bxf6 15.Na3 Rab8
16.axb5 axb5 17.Nc2 Nd8 18.Nb4 Ne6 19.Bc6 Be8 20.g3 Bg7 21.Kg2 Kh7 22.Qd5 Rb6
23.Ra5 Qf6 24.Bxe8 Rxe8 25.Ra8 c6 26.Qa2 Rxa8 27.Qxa8 Qe7 28.Nxc6 Qc5 29.Nb4
Nc7 30.Qa7 Qd6 31.Re2 Na6 {#r} 1-0

[Event "Ch Netherlands (team)"]
[Site "masterchessopen.com Netherlands"]
[Round "2"]
[White "Wiersma Eelke (NED)"]
[Black "Ballon Guenther Jan (NED)"]
[Result "0-1"]
[WhiteElo "2180"]
[BlackElo "2195"]

1.e4 e5 2.Nf3 Nc6 3.Bb5 g6 4.c3 a6 5.Ba4 d6 6.d4 Bd7 7.O-O Bg7 8.Re1 Qe7 9.a3
Nf6 10.Nbd2 O-O 11.b4 a5 12.d5 Nb8 13.Bxd7 Nbxd7 14.Nb3 axb4 15.cxb4 c6
16.dxc6 bxc6 17.Na5 Rfc8 18.Bb2 c5 19.Qb3 Bh6 20.Rad1 cxb4 21.axb4 Rab8 22.Bc1
Bf8 23.Bd2 Nc5 24.Qb1 Ne6 25.Rc1 Qd7 26.Qd3 Qa4 27.g3 Kg7 28.Bc3 Qb5 29.Qd2
Be7 30.h3 Rc7 31.Qe3 Rbc8 32.Nd2 Kg8 33.Kh2 d5 34.Bb2 d4 35.Qb3 Qxb4 36.Rxc7
Rxc7 37.Rc1 {#R} 0-1

[Event "Ch Sweden (team)"]
[Site "masterchessopen.com Sweden"]
[Round "7"]
[White "Schutz Ingemar (SWE)"]
[Black "Hartman Christer (SWE)"]
[Result "1-0"]
[WhiteElo "2194"]
[BlackElo "2329"]

1.e4 e5 2.Nf3 Nc6 3.Bb5 a6 4.Ba4 d6 5.c3 Bd7 6.d4 g6 7.O-O Bg7 8.Bg5 f6 9.Be3
Nh6 10.d5 Ne7 11.Bxd7+ Qxd7 12.c4 O-O 13.Re1 Nf7 14.Nfd2 Bh6 15.Nc3 Bxe3
16.Rxe3 f5 17.f3 f4 18.Rd3 g5 19.Rc1 h5 20.h3 Nh6 21.c5 Rf6 22.Qb3 Rb8 23.Nc4
Kh7 24.c6 Qc8 25.cxb7 Rxb7 26.Qa3 Rb8 27.Nxe5 g4 28.fxg4 hxg4 29.Nd1 f3
30.hxg4 Nxg4 31.Rxf3 Rxf3 32.Nxf3 Ng6 33.Ng5+ Kg8 34.Qh3 Nf6 35.Qh6 {#r} 1-0

[Event "Ch World (juniors) (under 14)"]
[Site "masterchessopen.com Szeged (Hungary)"]
[Round "0"]
[White "Fernandez Cazorla Antonio (ESP)"]
[Black "Zabailovich Alexey (BLR)"]
[Result "0-1"]
[WhiteElo "2246"]
[BlackElo "2238"]

1.e4 e5 2.Nf3 Nc6 3.Bb5 g6 4.c3 a6 5.Ba4 d6 6.d4 Bd7 7.O-O Bg7 8.dxe5 Nxe5
9.Nxe5 dxe5 10.Bg5 f6 11.Be3 Bxa4 12.Qxa4+ Qd7 13.Qc2 Nh6 14.Na3 Qc6 15.f3 O-O
16.Rad1 Kh8 17.Rd5 Rad8 18.Rfd1 Rxd5 19.Rxd5 Nf7 20.Qd3 f5 21.Rc5 Rd8 22.Rxc6
Rxd3 23.Rxc7 Rxe3 24.Rxf7 fxe4 25.Rxb7 Bf8 26.Nc4 Re2 27.Kf1 exf3 28.Rf7 fxg2+
29.Kxe2 g1=Q 30.Rxf8+ Kg7 31.Rf2 Qb1 32.a3 e4 33.Ne5 Qxb2+ 34.Ke3 Qb6+ 35.Ke2
Qb5+ {#R} 0-1

[Event "It (cat.2)"]
[Site "masterchessopen.com Budapest (Hungary)"]
[Round "7"]
[White "Sziraki Tamas (HUN)"]
[Black "Kasantsev Anatolij B (RUS)"]
[Result "1-0"]
[WhiteElo "2255"]
[BlackElo "2300"]

1.e4 e5 2.Nf3 Nc6 3.Bb5 g6 4.c3 a6 5.Ba4 d6 6.d4 Bd7 7.O-O Bg7 8.Re1 Qe7
9.dxe5 dxe5 10.Bg5 f6 11.Be3 Nh6 12.b4 Nf7 13.Nbd2 b6 14.Qc2 O-O 15.Rad1 a5
16.b5 Ncd8 17.c4 Nb7 18.c5 Nxc5 19.Bxc5 Qxc5 20.Qxc5 bxc5 21.Rc1 Rab8 22.Rxc5
Rfc8 23.Rec1 Nd6 24.Bb3+ Kh8 25.a4 Ne8 26.Bf7 Nd6 27.Bd5 Ne8 28.Nb3 Bf8
29.R5c4 Ba3 30.R1c2 Bb4 31.Nc5 Bxc5 32.Rxc5 Kg7 33.Nd2 Kf8 34.Nb3 Ke7 35.Nxa5
f5 36.Nc6+ Bxc6 37.Bxc6 fxe4 38.Rxe5+ Kd6 39.Rxe4 Nf6 40.Re1 {#r} 1-0

[Event "It (open)"]
[Site "masterchessopen.com Moscow (Russia)"]
[Round "3"]
[White "Bezgodov Alexei (RUS)"]
[Black "Gagarin Vasilij (RUS)"]
[Result "1-0"]
[WhiteElo "2475"]
[BlackElo "2420"]

1.e4 e5 2.Nf3 Nc6 3.Bb5 a6 4.Ba4 d6 5.c3 Bd7 6.d4 g6 7.O-O Bg7 8.d5 Nce7 9.c4
b5 10.Bb3 Nf6 11.Re1 c5 12.dxc6 Bxc6 13.Nc3 O-O 14.Bg5 b4 15.Nd5 Nexd5 16.exd5
Bb7 17.c5 dxc5 18.Nxe5 h6 19.Bxf6 Bxf6 20.d6 Kg7 21.Rc1 Qb6 22.Qd3 Bxe5
23.Rxe5 Rad8 24.Re7 Qc6 25.Qg3 Ba8 26.Rd1 Rd7 27.Be6 Rdd8 28.Bc4 Rd7 29.Qe5+
Kh7 30.f3 a5 31.Qf6 Rxe7 32.dxe7 {#r} 1-0

[Event "It (open)"]
[Site "masterchessopen.com Werfen (Austria)"]
[Round "7"]
[White "Zontakh Andrey (UKR)"]
[Black "Rolletschek Heinrich (AUT)"]
[Result "1-0"]
[WhiteElo "2460"]
[BlackElo "2360"]

1.e4 e5 2.Nf3 Nc6 3.Bb5 a6 4.Ba4 d6 5.c3 Bd7 6.d4 g6 7.O-O Bg7 8.d5 Nb8 9.c4
Ne7 10.Nc3 O-O 11.Bxd7 Nxd7 12.Be3 h6 13.Nd2 f5 14.f3 c5 15.dxc6 bxc6 16.b4
Nf6 17.a4 d5 18.Bc5 fxe4 19.fxe4 d4 20.Ne2 h5 21.Nc1 Bh6 22.Nd3 Bxd2 23.Qxd2
Nxe4 24.Qh6 Nxc5 25.Nxc5 Qe8 26.Ne6 Rf7 27.Rf6 Rh7 28.Qg5 h4 29.Raf1 Rh5
30.Rf8+ Qxf8 31.Rxf8+ {#r} 1-0

[Event "It"]
[Site "masterchessopen.com Eger (Hungary)"]
[Round "3"]
[White "Molnar Balazs (HUN)"]
[Black "Neverov Anatoly (RUS)"]
[Result "1-0"]
[WhiteElo "2140"]
[BlackElo "2336"]

1.e4 e5 2.Nf3 Nc6 3.Bb5 a6 4.Ba4 g6 5.c3 d6 6.d4 Bd7 7.O-O Bg7 8.d5 Nce7 9.c4
Nf6 10.Nc3 b5 11.Bc2 O-O 12.Bg5 h6 13.Bxf6 Bxf6 14.cxb5 axb5 15.a4 bxa4
16.Bxa4 Bc8 17.b4 Bg7 18.Qd3 f5 19.Nd2 fxe4 20.Ndxe4 Nf5 21.Bc6 Rxa1 22.Rxa1
Nd4 23.Ra8 Qe7 24.Nb5 Nxc6 25.dxc6 Qf7 26.Nbc3 Be6 27.Rxf8+ Bxf8 28.Nd5 Be7
29.Nxc7 Bc4 30.Qc3 d5 31.Nd2 Bh4 32.Nf3 Qxc7 33.Nxh4 Kf7 34.Nf3 Kf6 35.Qe3
Qxc6 36.Qxh6 {#r} 1-0

[Event "It (cat.9)"]
[Site "masterchessopen.com Mataruska Banja (Serbia)"]
[Round "7"]
[White "Cabrilo Goran (SRB)"]
[Black "Radulski Julian (BUL)"]
[Result "1-0"]
[WhiteElo "2470"]
[BlackElo "2455"]

1.e4 e5 2.Nf3 Nc6 3.Bb5 a6 4.Ba4 g6 5.c3 d6 6.d4 Bd7 7.O-O Bg7 8.Re1 Nf6
9.Nbd2 O-O 10.Nf1 Re8 11.Ng3 b5 12.Bc2 exd4 13.cxd4 Bg4 14.Be3 Nh5 15.Rc1 Nxg3
16.hxg3 Qf6 17.Bb3 Na5 18.Rxc7 Nxb3 19.Qxb3 Rxe4 20.Rxf7 Qe6 21.Ng5 Qxb3
22.axb3 Ree8 23.Rc1 Bh6 24.Rcc7 Rxe3 25.Nxh7 {#r} 1-0

[Event "It (open) \"]
[Site "masterchessopen.com Schwabisch Gmund (Germany)"]
[Round "5"]
[White "Kupreichik Viktor D (BLR)"]
[Black "Ciolac Gheorghe (ROM)"]
[Result "1-0"]
[WhiteElo "2510"]
[BlackElo "2405"]

1.e4 e5 2.Nf3 Nc6 3.Bb5 g6 4.c3 a6 5.Ba4 d6 6.d4 Bd7 7.O-O Bg7 8.Re1 Nge7
9.Be3 O-O 10.Nbd2 Qe8 11.Bb3 b6 12.h3 Kh8 13.Qe2 f6 14.Rad1 Nd8 15.Qd3 Nf7
16.Nc4 Bc6 17.dxe5 dxe5 18.Bc1 Rd8 19.Qe2 Rxd1 20.Bxd1 Qa8 21.Bb3 a5 22.a4 Qe8
23.Qc2 Qa8 24.Nh4 Bh6 25.Bxh6 Nxh6 26.Qd2 Kg7 27.f4 Nf7 28.fxe5 Ng8 29.e6 Nd8
30.Ne3 Re8 31.e5 fxe5 32.Nef5+ gxf5 33.Qg5+ Kf8 {#r} 1-0

[Event "Olympiad"]
[Site "masterchessopen.com Yerevan (Armenia)"]
[Round "7"]
[White "Kaminski Marcin (POL)"]
[Black "Safin Shukhrat (UZB)"]
[Result "0-1"]
[WhiteElo "2525"]
[BlackElo "2510"]

1.e4 e5 2.Nf3 Nc6 3.Bb5 a6 4.Ba4 d6 5.c3 Bd7 6.d4 g6 7.O-O Bg7 8.Be3 Nf6
9.Nbd2 O-O 10.h3 Qe8 11.Bc2 Qe7 12.Re1 Nh5 13.Rc1 Nd8 14.dxe5 dxe5 15.b4 Ne6
16.Nc4 f6 17.Bd3 Rfd8 18.Qb3 Kh8 19.Bc2 Nef4 20.Qb1 Qf7 21.Bxf4 Nxf4 22.Ne3
Be6 23.a4 Bf8 24.Kh2 a5 25.bxa5 c6 26.Rcd1 Rdc8 27.Nd2 Rxa5 28.Qb2 Raa8 29.Rb1
Rd8 30.Red1 Rd7 31.Ndc4 Rxd1 32.Rxd1 Qc7 33.Nb6 Rd8 34.Rxd8 Qxd8 35.Nbc4 Qc7
36.Qb6 Qxb6 37.Nxb6 {#R} 0-1

[Event "Staatsliga B 1997/98"]
[Site "masterchessopen.com Austria"]
[Round "6"]
[White "Jansa Vlastimil (CZE)"]
[Black "Rolletschek Heinrich (AUT)"]
[Result "1-0"]
[WhiteElo "2480"]
[BlackElo "2325"]

1.e4 e5 2.Nf3 Nc6 3.Bb5 a6 4.Ba4 d6 5.c3 Bd7 6.d4 g6 7.O-O Bg7 8.Re1 Nge7
9.Be3 O-O 10.d5 Na5 11.Bxd7 Qxd7 12.Nfd2 b5 13.b4 Nb7 14.c4 a5 15.a4 f5 16.f3
c6 17.dxc6 Nxc6 18.cxb5 Nxb4 19.Nc4 Qe6 20.Nb6 Rad8 21.Nc3 Rf7 22.Ncd5 Nxd5
23.Nxd5 Rc8 24.Rc1 Rff8 25.Nc7 Qf7 26.b6 Bf6 27.Qd5 Qxd5 28.Nxd5 Rb8 29.Rc6
Bd8 30.Rec1 Bh4 31.g3 f4 32.gxf4 exf4 33.Bd4 Kf7 34.Rc7+ Ke6 35.Rxh7 Bd8
36.Rcc7 {#r} 1-0

[Event "It (open)"]
[Site "masterchessopen.com Calcutta (India)"]
[Round "5"]
[White "Joshi G B (IND)"]
[Black "Spiegel Michael (USA)"]
[Result "1-0"]
[WhiteElo "2330"]
[BlackElo "2155"]

1.e4 e5 2.Nf3 Nc6 3.Bb5 g6 4.c3 a6 5.Ba4 d6 6.d4 Bd7 7.O-O Bg7 8.Re1 Nge7
9.dxe5 Nxe5 10.Bc2 O-O 11.Nbd2 h6 12.h3 g5 13.Nd4 N7g6 14.Nf1 g4 15.hxg4 Bxg4
16.f3 Bd7 17.Nf5 Nh4 18.f4 Nxf5 19.exf5 Nc6 20.Qh5 Re8 21.Ne3 d5 22.Rd1 d4
23.Ng4 Qe7 24.Nxh6+ Kf8 25.b3 Qf6 26.Ba3+ Ne7 27.Ng4 Qb6 28.Kh1 c5 29.cxd4
Bxd4 30.Rxd4 Bc6 31.Qh6+ {#r} 1-0

[Event "It"]
[Site "masterchessopen.com Eger (Hungary)"]
[Round "8"]
[White "Feher Gyula (HUN)"]
[Black "Neverov Anatoly (RUS)"]
[Result "0-1"]
[WhiteElo "2430"]
[BlackElo "2336"]

1.e4 e5 2.Nf3 Nc6 3.Bb5 a6 4.Ba4 g6 5.c3 d6 6.d4 Bd7 7.O-O Bg7 8.Re1 Nf6
9.Nbd2 O-O 10.Nf1 Re8 11.d5 Ne7 12.Bc2 c6 13.c4 b5 14.Ne3 Nc8 15.b3 Nb6 16.Bb2
Ng4 17.dxc6 Nxe3 18.Rxe3 Bxc6 19.Nd2 Qc7 20.Bd3 Nd7 21.Rc1 b4 22.Re1 Nc5
23.Nf1 Qb7 24.f3 f5 25.Ng3 f4 26.Ne2 g5 27.Rc2 g4 28.Rd2 Re6 29.Nc1 Rh6 30.Bf1
Qe7 31.Ree2 Rxh2 32.g3 Rxe2 33.Bxe2 fxg3 34.Bd3 Qh4 35.Bb1 Bh6 {#R} 0-1

[Event "Cup Russia (open)"]
[Site "masterchessopen.com Kstovo (Russia)"]
[Round "3"]
[White "Dolmatov Sergey (RUS)"]
[Black "Yandemirov Valeri (RUS)"]
[Result "1-0"]
[WhiteElo "2565"]
[BlackElo "2500"]

1.e4 e5 2.Nf3 Nc6 3.Bb5 a6 4.Ba4 d6 5.c3 g6 6.d4 Bd7 7.O-O Bg7 8.d5 Nce7 9.c4
Nf6 10.Bxd7+ Qxd7 11.Nc3 O-O 12.c5 Rfd8 13.Qb3 Ne8 14.Be3 dxc5 15.Bxc5 Nd6
16.Rac1 Nec8 17.a4 Rb8 18.Be3 b5 19.axb5 axb5 20.Qb4 Nc4 21.Bc5 N4d6 22.Rc2
Nb7 23.Be3 Ncd6 24.Rfc1 Ra8 25.b3 Rdc8 26.Nb1 f6 27.Nbd2 Bf8 28.Qc3 Ne8 29.Ne1
Ba3 30.Rb1 Bd6 31.Nd3 Ra3 32.Nb4 Rca8 33.Nc6 Na5 34.Qd3 Nxc6 35.dxc6 Qe6
36.Qxb5 Ra1 37.Rcc1 Rxb1 38.Rxb1 Ra2 39.h3 {#r} 1-0

[Event "Cup Russia (open)"]
[Site "masterchessopen.com Tomsk (Russia)"]
[Round "6"]
[White "Ulibin Mikhail (RUS)"]
[Black "Yandemirov Valeri (RUS)"]
[Result "1-0"]
[WhiteElo "2535"]
[BlackElo "2500"]

1.e4 e5 2.Nf3 Nc6 3.Bb5 a6 4.Ba4 d6 5.c3 g6 6.d4 Bd7 7.O-O Bg7 8.d5 Nce7 9.c4
Nf6 10.Bxd7+ Qxd7 11.Nc3 O-O 12.c5 Rad8 13.Bg5 c6 14.dxc6 Qxc6 15.cxd6 Rxd6
16.Qb3 h6 17.Nxe5 Qc5 18.Bf4 Nh5 19.Nxf7 Rxf7 20.Bxd6 Qxd6 21.Rad1 Qc7 22.g3
Nc6 23.Qe6 Nf6 24.f4 Qe7 25.Qxe7 Rxe7 26.e5 Nh7 27.Rd6 Nf8 28.Nd5 Re8 29.Rc1
Rb8 30.Kg2 Re8 31.h4 Kf7 32.b4 Re6 33.Rxe6 Nxe6 34.a4 Ned4 35.Rc4 Ke6 36.Nc3
Nb3 37.b5 Nba5 38.bxc6 bxc6 39.Rc5 {#r} 1-0

[Event "It (open)"]
[Site "masterchessopen.com Biel (Switzerland)"]
[Round "2"]
[White "Sturua Zurab (GEO)"]
[Black "Bischoff Peter (SUI)"]
[Result "1-0"]
[WhiteElo "2600"]
[BlackElo "2210"]

1.e4 e5 2.Nf3 Nc6 3.Bb5 g6 4.c3 a6 5.Ba4 d6 6.d4 Bd7 7.O-O Bg7 8.dxe5 Nxe5
9.Nxe5 Bxe5 10.f4 Bg7 11.f5 Qe7 12.Bxd7+ Qxd7 13.Bg5 f6 14.Bh4 O-O-O 15.Nd2
Re8 16.Qc2 Bh6 17.Nb3 Be3+ 18.Kh1 Qg7 19.Rae1 Qh6 20.Bg3 Ne7 21.Qd3 Bb6 22.Nd4
Rhg8 23.Ne6 Nc6 24.c4 Ne5 25.Qc3 gxf5 26.exf5 Rg4 27.c5 Bxc5 28.Nxc5 Rc4
29.Qxc4 dxc5 {#r} 1-0

[Event "It (open)"]
[Site "masterchessopen.com Jersey"]
[Round "6"]
[White "Corkett Anthony (ENG)"]
[Black "Ballon Guenther Jan (NED)"]
[Result "0-1"]
[WhiteElo "2240"]
[BlackElo "2305"]

1.e4 e5 2.Nf3 Nc6 3.Bb5 g6 4.c3 a6 5.Ba4 d6 6.d4 Bd7 7.O-O Bg7 8.d5 Nb8 9.Bc2
Nf6 10.c4 a5 11.c5 Na6 12.cxd6 cxd6 13.Nc3 O-O 14.a3 Qc7 15.Ne1 Rfc8 16.Bd3
Nc5 17.a4 Nxd3 18.Nxd3 Qc4 19.Re1 b5 20.axb5 Bxb5 21.Nxb5 Qxb5 22.f3 Nd7
23.Be3 f5 24.Bf2 Rc4 25.Bh4 Rd4 26.Ra3 Nc5 27.b4 Nxd3 28.Qe2 Qc4 {#R} 0-1

[Event "Ch Croatia (team) (1st league)"]
[Site "masterchessopen.com Porec (Croatia)"]
[Round "5"]
[White "Leventic Ivan (CRO)"]
[Black "Boric Muhamed (BIH)"]
[Result "0-1"]
[WhiteElo "2375"]
[BlackElo "2400"]

1.e4 e5 2.Nf3 Nc6 3.Bb5 g6 4.c3 a6 5.Ba4 d6 6.d4 Bd7 7.O-O Bg7 8.d5 Nce7
9.Bxd7+ Qxd7 10.c4 Nf6 11.Nc3 O-O 12.c5 h6 13.Re1 Rfc8 14.h3 Qd8 15.Be3 Nd7
16.b4 f5 17.Qb3 Kh8 18.exf5 gxf5 19.Rad1 Qg8 20.Qc2 Rf8 21.Bc1 Qf7 22.Nd2 b5
23.cxb6 Nxb6 24.f4 e4 25.Qb3 a5 26.a3 axb4 27.axb4 Rfb8 28.Nf1 c6 29.Ne3 Nd7
30.Nc4 cxd5 31.Nxd6 Qe6 32.Ndxe4 fxe4 33.Rxe4 Qf7 34.Be3 Nf6 35.Re5 Nc6 36.Rf5
Qe6 {#R} 0-1

[Event "It (open)"]
[Site "masterchessopen.com Gyongyos (Hungary)"]
[Round "1"]
[White "Olah Sandor (HUN)"]
[Black "Hajnal Zoltan (HUN)"]
[Result "0-1"]
[WhiteElo "2059"]
[BlackElo "2302"]

1.e4 e5 2.Nf3 Nc6 3.Bb5 a6 4.Ba4 d6 5.c3 Bd7 6.d4 g6 7.O-O Bg7 8.Re1 Nge7
9.Be3 O-O 10.Nbd2 h6 11.Nf1 Bg4 12.d5 Nb8 13.h3 Bc8 14.Qd2 Kh7 15.Ng3 f5
16.exf5 Nxf5 17.Kh2 Nd7 18.Bc2 Nf6 19.Qd1 Ng8 20.Ne4 Nf6 21.Qe2 Nxe3 22.Qxe3
Nxe4 23.Bxe4 Qf6 24.Re2 Qf4+ 25.Qxf4 Rxf4 26.g3 Rf6 27.Kg2 Bd7 28.c4 Raf8
29.b3 Bf5 30.Nd2 h5 31.Bxf5 gxf5 32.Nf3 Bh6 33.Rh1 f4 34.g4 Rg8 35.Nh2 hxg4
36.hxg4 f3+ 37.Nxf3 Rxg4+ 38.Kh3 Rgf4 39.Kg2 Rxf3 {#R} 0-1

[Event "It (open) (b)"]
[Site "masterchessopen.com Koszalin (Poland)"]
[Round "1"]
[White "Galkin Alexander (RUS)"]
[Black "Helaszek Edward (POL)"]
[Result "1-0"]
[WhiteElo "2535"]
[BlackElo "2205"]

1.e4 e5 2.Nf3 Nc6 3.Bb5 a6 4.Ba4 d6 5.c3 Bd7 6.d4 g6 7.O-O Bg7 8.d5 Nb8
9.Bxd7+ Nxd7 10.c4 Ngf6 11.Nc3 O-O 12.Be3 Ng4 13.Bg5 f6 14.Bd2 Bh6 15.h3 {#r}
1-0

[Event "It (open)"]
[Site "masterchessopen.com Sitges (Spain)"]
[Round "8"]
[White "Fernandez Aguado Enrique (ESP)"]
[Black "Ballon Guenther Jan (NED)"]
[Result "1-0"]
[WhiteElo "2380"]
[BlackElo "2270"]

1.e4 e5 2.Nf3 Nc6 3.Bb5 g6 4.c3 a6 5.Ba4 d6 6.d4 Bd7 7.O-O Bg7 8.Re1 Qe7 9.d5
Nb8 10.c4 Nf6 11.Nc3 O-O 12.Bxd7 Nbxd7 13.Bg5 h6 14.Be3 b6 15.Rc1 Rfb8 16.a3
a5 17.h3 Nc5 18.Qc2 Kh7 19.b4 axb4 20.axb4 Ncd7 21.Nb5 Ne8 22.Ra1 Ndf6 23.Na7
Qd7 24.Nc6 Rc8 25.c5 bxc5 26.bxc5 Ng8 27.Na7 Rcb8 28.c6 Qd8 29.Reb1 Rxb1+
30.Qxb1 Ne7 31.Ne1 f5 32.f3 f4 33.Bf2 {#r} 1-0

[Event "Ch Texas"]
[Site "masterchessopen.com Dallas (USA)"]
[Round "1"]
[White "Anderson Selby K (USA)"]
[Black "Campbell Matthew"]
[Result "1-0"]
[WhiteElo "2210"]
[BlackElo "2179"]

1.e4 e5 2.Nf3 Nc6 3.Bb5 a6 4.Ba4 d6 5.c3 Bd7 6.d4 g6 7.O-O Bg7 8.d5 Nce7
9.Bxd7+ Qxd7 10.c4 b6 11.Nc3 Nh6 12.b4 a5 13.bxa5 Rxa5 14.a4 f6 15.Ba3 O-O
16.Bb4 Raa8 17.a5 bxa5 18.Rxa5 Rxa5 19.Bxa5 Ra8 20.Bb4 Nf7 21.c5 f5 22.Nd2 Bh6
23.Nc4 Nc8 24.c6 Qd8 25.Ba5 Ng5 26.exf5 Ne7 27.fxg6 Nxg6 28.Nb5 Rxa5 29.Nxa5
e4 30.Qg4 Ne5 31.Nb7 Qf8 32.Qg3 Kh8 33.Nxc7 Ngf3+ 34.gxf3 Bf4 35.Ne6 Nxf3+
{#r} 1-0

[Event "It (cat.7)"]
[Site "masterchessopen.com Budapest (Hungary)"]
[Round "10"]
[White "Colovic Aleksandar (MKD)"]
[Black "Biro Sandor (ROM)"]
[Result "1-0"]
[WhiteElo "2364"]
[BlackElo "2360"]

1.e4 e5 2.Nf3 Nc6 3.Bb5 a6 4.Ba4 d6 5.c3 Bd7 6.d4 g6 7.O-O Bg7 8.Re1 Nge7 9.d5
Nb8 10.Bxd7+ Nxd7 11.Be3 h6 12.Nfd2 O-O 13.c4 f5 14.f3 f4 15.Bf2 g5 16.Nc3 Rf7
17.b4 Bf8 18.c5 Nf6 19.Rc1 h5 20.Kh1 Ng6 21.a4 g4 22.Bg1 Rg7 23.a5 Nh4 24.Re2
Nh7 25.c6 bxc6 26.dxc6 Ng5 27.Nd5 Kh8 28.Qb3 gxf3 29.Nxf3 Ngxf3 30.gxf3 Qg5
31.Bb6 cxb6 32.axb6 Be7 33.Nxe7 Qxe7 34.c7 Qg5 35.b7 Rag8 36.Qxg8+ {#r} 1-0

[Event "Ch Hungary (team) 2000/01"]
[Site "masterchessopen.com Hungary"]
[Round "4"]
[White "Groszpeter Attila (HUN)"]
[Black "Zsinka Laszlo (HUN)"]
[Result "1-0"]
[WhiteElo "2497"]
[BlackElo "2348"]

1.e4 e5 2.Nf3 Nc6 3.Bb5 a6 4.Ba4 g6 5.c3 d6 6.d4 Bd7 7.O-O Bg7 8.Re1 Qe7
9.Bxc6 Bxc6 10.c4 Bd7 11.Nc3 c6 12.Bg5 f6 13.Be3 Nh6 14.c5 Ng4 15.cxd6 Nxe3
16.Rxe3 Qxd6 17.dxe5 Qxd1+ 18.Rxd1 fxe5 19.Red3 Bg4 20.Na4 O-O 21.Nc5 b6
22.Nd7 Rf4 23.Nxb6 Raf8 24.Nd7 R8f7 25.Ndxe5 Bxe5 26.Nxe5 Bxd1 27.Nxf7 Bc2
28.Rd2 Bxe4 29.Ne5 Bd5 30.f3 {#r} 1-0

[Event "It (open)"]
[Site "masterchessopen.com Nikea (Greece)"]
[Round "3"]
[White "Plachetka Jan (SVK)"]
[Black "Vazelakis Dimitrios (GRE)"]
[Result "1-0"]
[WhiteElo "2437"]
[BlackElo "2117"]

1.e4 e5 2.Nf3 Nc6 3.Bb5 g6 4.c3 a6 5.Ba4 d6 6.d4 Bd7 7.O-O Bg7 8.Bg5 Nf6 9.Re1
O-O 10.Nbd2 h6 11.Bh4 Qe8 12.Bb3 Nh5 13.Nc4 Bg4 14.dxe5 Nxe5 15.Ncxe5 dxe5
16.h3 Be6 17.Nh2 Bf6 18.Bxf6 Nxf6 19.Qf3 Bxb3 20.Qxf6 Qe6 21.Ng4 Bxa2 22.Nxh6+
Kh7 23.Qh4 Kg7 24.Nf5+ gxf5 25.exf5 Qf6 26.Qg3+ Kh6 27.Re4 Kh5 28.Rxa2 b5
29.Qe3 {#r} 1-0

[Event "It (open)"]
[Site "masterchessopen.com Voronezh (Russia)"]
[Round "6"]
[White "Vysochin Spartak (UKR)"]
[Black "Tjurin Alexander P (RUS)"]
[Result "1-0"]
[WhiteElo "2541"]
[BlackElo "2362"]

1.e4 e5 2.Nf3 Nc6 3.Bb5 g6 4.c3 a6 5.Ba4 d6 6.d4 Bd7 7.O-O Bg7 8.Re1 Qe7 9.Bg5
Nf6 10.Nbd2 h6 11.Bh4 b5 12.Bb3 g5 13.Bg3 h5 14.dxe5 dxe5 15.h4 g4 16.Ng5 Nh7
17.Bxf7+ Kf8 18.Nxh7+ Kxf7 19.Ng5+ Kg6 20.Nf1 Bf6 21.f4 gxf3 22.Nxf3 Rad8
23.Ne3 Qg7 24.Qe2 Kh6 25.Bh2 Rhg8 26.Nd5 Bg4 27.Qe3+ Kg6 28.Rf1 Rgf8 29.Nxf6
Rxf6 30.Nxe5+ {#r} 1-0

[Event "Olympiad"]
[Site "masterchessopen.com Bled (Slovenia)"]
[Round "13"]
[White "Morovic Fernandez Ivan (CRO)"]
[Black "Gluckman David (RSA)"]
[Result "1-0"]
[WhiteElo "2541"]
[BlackElo "2356"]

1.e4 e5 2.Nf3 Nc6 3.Bb5 g6 4.c3 a6 5.Ba4 d6 6.d4 Bd7 7.O-O Bg7 8.Re1 Nge7
9.Be3 O-O 10.Nbd2 exd4 11.cxd4 d5 12.e5 Nf5 13.Nf1 Nxe3 14.Nxe3 Ne7 15.Bxd7
Qxd7 16.Qb3 c6 17.h3 Kh8 18.Re2 Rae8 19.Rae1 Ng8 20.Nc2 Re7 21.Nb4 Rfe8 22.Nd3
Qc8 23.Nc5 Nh6 24.Kf1 Nf5 25.g4 Nh6 26.Ng1 Ng8 27.f4 f6 28.exf6 Bxf6 29.Rxe7
Rxe7 30.Re2 Re4 31.Rxe4 Ne7 32.Nf3 b5 33.Qe3 a5 34.Ne5 Qe8 35.Nb7 a4 36.Nd6
Qf8 37.Nd7 Qg7 38.Ne8 Bxd4 39.Qd3 {#r} 1-0

[Event "It (open)"]
[Site "masterchessopen.com Hoogeveen (Netherlands)"]
[Round "5"]
[White "Rogers Ian (AUS)"]
[Black "Radulski Julian (BUL)"]
[Result "1-0"]
[WhiteElo "2569"]
[BlackElo "2491"]

1.e4 e5 2.Nf3 Nc6 3.Bb5 g6 4.c3 a6 5.Ba4 d6 6.d4 Bd7 7.O-O Bg7 8.d5 Nce7
9.Bxd7+ Qxd7 10.c4 h6 11.Nc3 f5 12.Ne1 Nf6 13.f3 O-O 14.Nd3 g5 15.exf5 Nxf5
16.Nf2 Rf7 17.Nce4 Nh5 18.g4 Nh4 19.gxh5 Nxf3+ 20.Kh1 Raf8 21.a4 Nh4 22.Ra3 b6
23.Rg3 a5 24.b3 Kh8 25.Be3 Rf5 26.Qg4 Qe8 27.Rh3 Qe7 28.Rd1 R8f7 29.Rg1 Nf3
30.Rgg3 Qf8 31.Rg2 Ne1 32.Rg1 Nc2 33.Bxg5 hxg5 34.h6 Bxh6 35.Nxg5 R7f6 36.Ne6
Qf7 37.Qxf5 Rxf5 38.Rxh6+ Qh7 39.Rxh7+ Kxh7 40.Ne4 {#r} 1-0

[Event "It (open)"]
[Site "masterchessopen.com Linares (Spain)"]
[Round "5"]
[White "Colovic Aleksandar (MKD)"]
[Black "Vassallo Mauricio (ESP)"]
[Result "1-0"]
[WhiteElo "2385"]
[BlackElo "2443"]

1.e4 e5 2.Nf3 Nc6 3.Bb5 a6 4.Ba4 d6 5.c3 Bd7 6.d4 g6 7.O-O Bg7 8.Re1 b5 9.Bb3
Nf6 10.Bg5 O-O 11.dxe5 dxe5 12.Nbd2 Qe7 13.a4 h6 14.Bh4 Na5 15.Bc2 Rfd8 16.b4
Nb7 17.Qe2 c5 18.Reb1 Bc6 19.c4 cxb4 20.axb5 axb5 21.cxb5 Rxa1 22.Rxa1 Be8
23.Nb3 Qc7 24.Ra6 Bxb5 25.Qxb5 Qxc2 26.h3 Qxb3 27.Rxf6 Rd1+ 28.Kh2 Bxf6
29.Qe8+ {#r} 1-0

[Event "Ch World (seniors)"]
[Site "masterchessopen.com Bad Zwischenahn (Germany)"]
[Round "6"]
[White "Reichenbach Werner (GER)"]
[Black "Ballon Guenther Jan (NED)"]
[Result "1-0"]
[WhiteElo "2322"]
[BlackElo "2195"]

1.e4 e5 2.Nf3 Nc6 3.Bb5 g6 4.c3 a6 5.Ba4 d6 6.d4 Bd7 7.O-O Bg7 8.dxe5 Nxe5
9.Nxe5 dxe5 10.Bb3 Nf6 11.f3 O-O 12.Be3 Qe7 13.Nd2 Rfd8 14.Qe2 Be6 15.Nc4 Qe8
16.Rfe1 b6 17.Bg5 Rdc8 18.Ne3 Nd7 19.Nd5 f6 20.Be3 Qf7 21.Red1 Bf8 22.Bf2 Bc5
23.Rd2 Bxf2+ 24.Qxf2 Kg7 25.Rad1 Nf8 26.f4 exf4 27.Qxf4 Rab8 28.Rf1 Bxd5
29.exd5 Qe7 30.d6 cxd6 31.Rxd6 Nd7 32.Rxd7 Qxd7 33.Qxf6+ Kh6 34.Rf4 {#r} 1-0